00645 2200241 4500001002100000005001700021008004100038020001700079035002400096082001100120090001800131100002400149245008200173250001000255260003100265300002500296650001700321700001900338850001200357980001300369985000600382999001500388YOGYA-0209000000981220090227021245.0 ind  a979-61-429-0 0010-020900000009812 a297.62 a297.62bAbi K aABIDIN Ass, Jamalul aKomunikasi dan Bahasa DakwahcDjamalul Abidin Ass ; penyunting, Dody Mardanus aCet.1 aJakartabGema Insanic1996 aviii, 140 hlmc18 cm aDakwah Islam aMardanus, Dody aYOPDYOG a28-06-05 a1 a98P0107039